We
Guardat en:
| Autor principal: | |
|---|---|
| Format: | Llibre |
| Idioma: | Undetermined |
| Publicat: |
New York
E. P. Dutton
1952
|
| Matèries: | |
| Etiquetes: |
Afegir etiqueta
Sense etiquetes, Sigues el primer a etiquetar aquest registre!
|
| Thư viện lưu trữ: | Trung tâm Học liệu Trường Đại học Cần Thơ |
|---|
| LEADER | 00495nam a2200169Ia 4500 | ||
|---|---|---|---|
| 001 | CTU_46839 | ||
| 008 | 210402s9999 xx 000 0 und d | ||
| 082 | |a 891.7 | ||
| 082 | |b Z24 | ||
| 100 | |a Eugene Zamiatin | ||
| 245 | 0 | |a We | |
| 245 | 0 | |c Eugene Zamiatin, Gregory Zilboorg | |
| 260 | |a New York | ||
| 260 | |b E. P. Dutton | ||
| 260 | |c 1952 | ||
| 650 | |a russian fiction - 20th century ( english ),russian literature - 20th century | ||
| 980 | |a Trung tâm Học liệu Trường Đại học Cần Thơ | ||